| 000 | 00547nam a22001937a 4500 | ||
|---|---|---|---|
| 003 | 0 | ||
| 005 | 20231010142639.0 | ||
| 008 | 231010b xxu||||| |||| 00| 0 eng d | ||
| 020 | _a978-0-385-73296-3 | ||
| 050 |
_aPZ 7 _b.R84 2006 |
||
| 100 | _aRuckdeschel, Liz | ||
| 245 |
_aWhat if everyone knew your name? _cLiz Ruckdeschel |
||
| 260 |
_aNew York _bDelacorte Press _cc2006. |
||
| 300 |
_a340 pages ; _c20 cm. |
||
| 500 | _aFriendship--Fiction. | ||
| 650 | _aFriendship--Fiction. | ||
| 650 | _aHigh School -- Fiction. | ||
| 942 |
_2lcc _cBK |
||
| 999 |
_c365513 _d365513 |
||